| 000 | 00377nam a22001337a 4500 | ||
|---|---|---|---|
| 020 | _a0789715430 | ||
| 040 | _cNust | ||
| 082 |
_a005.44 _bMIL'U |
||
| 100 |
_aMichael Miller _9126824 |
||
| 245 | _aUsing Microsoft windows 98 Preview edition | ||
| 260 |
_aUSA: _bQUE Corporation, _c1998. |
||
| 650 |
_aUsing Microsoft windows 98 Preview edition _9126825 |
||
| 942 |
_2ddc _cBK |
||
| 999 |
_c612274 _d612274 |
||